Εξερευνίστε τον IBM PC και συμβατούς

Saved in:
Bibliographic Details
Main Author: Norton, Peter, 1943- (Author)
Other Authors: Μωραΐτης, Θωμάς Σ. (Translator)
Format: Book
Language:Greek
English
Published: Αθήνα : Κλειδάριθμος, 1986.
Subjects:
Tags: Add Tag
No Tags, Be the first to tag this record!

MARC

LEADER 00000cam a2200000 i 4500
001 1/97990
008 950228s1986 gr | ||| |||| ||gre||
020 |a 9602090022 
035 |l 10010766 
040 |a GR-MyUa  |b gre  |e AACR2 
041 1 |a gre  |h eng 
082 7 |a 005.26   |2 (22) 
100 1 |a Norton, Peter,   |d 1943-  |e aut 
245 1 0 |a Εξερευνίστε τον IBM PC και συμβατούς /   |c Peter Norton ; μετάφραση Μωραϊτης Θωμάς. 
260 |a Αθήνα :   |b Κλειδάριθμος,   |c 1986.  
300 |a 455 σ. ;   |c 25 εκ. 
500 |a Μετάφραση του : Inside the IBM PC, revised and Enlarged.  
650 0 |a IBM microcomputers. 
700 1 |a Μωραΐτης, Θωμάς Σ.  |e trl 
852 |a INST  |b LESVOS  |e 19950228  |h 005.26 NOR  |p 005100002663  |q 005100002663  |t BK  |y 0 
922 |a 1ΕΛΗ  |b 199008  |c ΠΠ/113